Handbook of solid waste management. (Record no. 344285)
[ view plain ]
| 000 -LEADER | |
|---|---|
| fixed length control field | 01253 a2200193 4500 |
| 020 ## - INTERNATIONAL STANDARD BOOK NUMBER | |
| International Standard Book Number | 0070358761 |
| 020 ## - INTERNATIONAL STANDARD BOOK NUMBER | |
| International Standard Book Number | 9780070358768 |
| 082 04 - DEWEY DECIMAL CLASSIFICATION NUMBER | |
| Classification number | 628.44068 |
| 090 ## - LOCALLY ASSIGNED LC-TYPE CALL NUMBER (OCLC); LOCAL CALL NUMBER (RLIN) | |
| -- | 1771 |
| -- | 1771 |
| 245 00 - TITLE STATEMENT | |
| Title | Handbook of solid waste management. |
| 260 ## - PUBLICATION, DISTRIBUTION, ETC. | |
| Place of publication, distribution, etc. | [S.l.] : |
| Name of publisher, distributor, etc. | McGraw-Hill Companies, |
| Date of publication, distribution, etc. | 1994. |
| 300 ## - PHYSICAL DESCRIPTION | |
| Extent | 912 p. ; |
| Dimensions | 24 cm. |
| 500 ## - GENERAL NOTE | |
| General note | Hardcover. |
| 520 ## - SUMMARY, ETC. | |
| Summary, etc. | The First Integrated Solid Waste Plan to Use All 6 Disposal Methods. Planning, designing and managing efficient, environmentally sound solid waste programs today takes a new level of sophistication--the unique integrated approach you'll find only in the Handbook of Solid Waste Management. Frank Kreith and 22 industry experts provide complete 1-to-Z coverage of the latest technology, techniques and equipment. . .as well as the legal aspects of waste management and environmental issues from both the state and federal level. If your job involves controlling solid waste, you'll find ways to do it better, faster and cheaper right here. |
| 700 1# - ADDED ENTRY--PERSONAL NAME | |
| Personal name | Kreith, Frank. |
| 856 40 - ELECTRONIC LOCATION AND ACCESS | |
| Materials specified | Amazon.com |
| Uniform Resource Identifier | <a href="http://www.amazon.com/exec/obidos/ASIN/0070358761/chopaconline-20">http://www.amazon.com/exec/obidos/ASIN/0070358761/chopaconline-20</a> |
| 856 40 - ELECTRONIC LOCATION AND ACCESS | |
| Materials specified | Amazon customer reviews |
| Uniform Resource Identifier | <a href="http://www.chopac.org/cgi-bin/tools/azrev.pl?q=0070358761">http://www.chopac.org/cgi-bin/tools/azrev.pl?q=0070358761</a> |
| 942 ## - ADDED ENTRY ELEMENTS (KOHA) | |
| Institution code [OBSOLETE] | NBS |
| Koha item type | Book |
| Call number prefix | 628.44068 HAN |
| Withdrawn status | Lost status | Damaged status | Not for loan | Permanent Location | Current Location | Date acquired | Total Checkouts | Full call number | Barcode | Date last seen | Date last checked out | Price effective from | Koha item type |
|---|---|---|---|---|---|---|---|---|---|---|---|---|---|
| Central Library (CL) | Central Library (CL) | 08/28/2013 | 1 | 628.44068 HAN | NBS2619 | 03/04/2024 | 09/14/2023 | 08/28/2013 | Book |
